Statistics for Acquainted - The Weeknd Lyrics

Click here to take the quiz!

General Stats

  • This quiz has been taken 36 times
  • The average score is 277 of 346

Answer Stats

HintAnswer% Correct
acquainted,
100%
2xacquainted
100%
girl
100%
girl,
100%
glad
100%
I
100%
I'm
100%
2xin
100%
2xin,
100%
so
100%
So
100%
we
100%
we're
100%
you
100%
3xyou,
100%
You
100%
your
100%
But
96%
love
96%
me
96%
me,
96%
no
96%
on
96%
To
96%
to
96%
Baby
91%
2xbody
91%
dangerous
91%
good
91%
got
91%
is
91%
say
91%
that
91%
the
91%
'Cause
87%
cause
87%
2xlyin',
87%
right
87%
touchin'
87%
you're
87%
And
83%
and
83%
be
83%
for
83%
They
83%
they
83%
this
83%
'way
83%
way
83%
feeling
78%
left
78%
my
78%
oh
78%
probably
78%
Think
78%
think
78%
us
78%
about
74%
comin'
74%
ever
74%
I'd
74%
keep
74%
Nobody
74%
type
74%
used
74%
all
70%
All
70%
been
70%
'bout
70%
b*tches
70%
could
70%
crazy'
70%
crazy
70%
fell
70%
forget
70%
I've
70%
Put
70%
some
70%
babe,
65%
babe
65%
believe
65%
couldn't
65%
4cryin',
65%
ducking
65%
2xlying,
65%
n*ggas
65%
real,
65%
since
65%
thinkin'
65%
time
65%
try
65%
warned
65%
complacent
61%
every
61%
if
61%
life
61%
met
61%
puttin'
61%
rather
61%
won't
61%
yeah
61%
get
57%
'get
57%
know
57%
lately
57%
somebody
57%
that's
57%
want
57%
girls
52%
run
52%
These
52%
what
52%
at
48%
called
48%
fast
48%
find
48%
I'll
48%
live
48%
not
48%
really
48%
did
43%
keeps
43%
Momma
43%
rush
43%
their
43%
tryna
43%
'90s
39%
are
39%
talk
39%
accustomed
35%
ain't
35%
born
35%
drink
35%
'em
35%
gaining
35%
inside
35%
numb
35%
only
35%
pain
35%
til
35%
Although
30%
comfort
30%
embrace
30%
wanting
30%
cup
26%
more
26%
sins
26%
from
13%
sh*t
9%

Score Distribution

Percentile by Number Answered

Percent of People with Each Score

Your Score History

You have not taken this quiz